FAO animal production and health paper N123 Edible by-products of slaughter animals
Uloženo v:
| Hlavní autor: | |
|---|---|
| Médium: | Kniha |
| Jazyk: | Undetermined |
| Vydáno: |
Rome
FAO
1996
|
| Témata: | |
| Tagy: |
Přidat tag
Žádné tagy, Buďte první, kdo otaguje tento záznam!
|
| Thư viện lưu trữ: | Trung tâm Học liệu Trường Đại học Cần Thơ |
|---|
| LEADER | 00627nam a2200193Ia 4500 | ||
|---|---|---|---|
| 001 | CTU_16606 | ||
| 008 | 210402s9999 xx 000 0 und d | ||
| 082 | |a 636 | ||
| 082 | |b F218/N123 | ||
| 100 | |a Octavio Venegas Fornias | ||
| 245 | 0 | |a FAO animal production and health paper N123 | |
| 245 | 0 | |b Edible by-products of slaughter animals | |
| 245 | 0 | |c Octavio Venegas Fornias, FAO; Dịch giả: Gustavo Andujar Robles | |
| 260 | |a Rome | ||
| 260 | |b FAO | ||
| 260 | |c 1996 | ||
| 650 | |a animal industry,meat product | ||
| 904 | |i Nguyễn Quang Điền, 970530 | ||
| 980 | |a Trung tâm Học liệu Trường Đại học Cần Thơ | ||